Damiano David - Born With a Broken Heart (all lyrics) - Statistics

General Stats
  • This quiz has been taken 12 times
  • The average score is 206 of 265
Answer Stats
Hint Answer % Correct
a
100%
be
100%
I
100%
oh
100%
Bridge Oh
100%
the
100%
you
100%
born
89%
broken
89%
heart
89%
just
89%
love
89%
me
89%
no
89%
to
89%
tryin'
89%
wanna
89%
Chorus What
89%
with
89%
an
78%
as
78%
baby
78%
balloon
78%
cactus
78%
change
78%
do
78%
dyin'
78%
feel
78%
find
78%
home
78%
if
78%
Verse 2 If
78%
I'm
78%
know
78%
said
78%
same
78%
somebody
78%
take
78%
was
78%
who
78%
alien
67%
am
67%
been
67%
but
67%
can't
67%
cryin'
67%
don't
67%
far
67%
fix
67%
from
67%
gone
67%
Verse 1 I've
67%
maybe
67%
save
67%
see
67%
SOS
67%
too
67%
would
67%
your
67%
and
56%
hardest
56%
humans
56%
not
56%
out
56%
that
56%
that's
56%
together
56%
we're
56%
again
44%
could
44%
damn
44%
different
44%
end
44%
hopin'
44%
I'd
44%
in
44%
leavin'
44%
meant
44%
part
44%
perfect
44%
place
44%
playin'
44%
pretend
44%
sorry
44%
up
44%
wish
44%
setting
33%
No matching quizzes found
Score Distribution
Percent of People with Each Score
Percentile by Number Answered
Your Score History
You have not taken this quiz